| 000 | 00604nam a2200217 i 4500 | ||
|---|---|---|---|
| 001 | 79294 | ||
| 003 | ES-MaACL | ||
| 005 | 20260305133226.0 | ||
| 007 | t| | ||
| 008 | 041020s1928 fr ||||1| fre d | ||
| 080 | _a929 Sand, George | ||
| 100 | 1 |
_aHenriot, Émile, _d1889-1961 _962578 |
|
| 245 | 1 | 4 |
_aAlfred Musset / _cEmile Henriot. |
| 260 |
_aParis : _bHachette, _c1928. |
||
| 300 |
_a191 p. ; _c19 cm. |
||
| 490 | 1 | _aLes romantiques | |
| 600 | 0 |
_aMusset, Alfred de, _d1810-1857 _9223345 |
|
| 830 | 0 |
_aLes romantiques _9231426 |
|
| 852 |
_aES-MaACL _jA-2553 |
||
| 999 |
_c79294 _d79294 |
||